Программированное обучение по автоматическому управлению электроприводами: учебное пособие

Bibliografiske detaljer
Hovedforfatter: Мартыничев А. К. Альберт Константинович
Institution som forfatter: Чувашский государственный университет
Sprog:russisk
Udgivet: Чебоксары, [Б. и.], 1978
Fag:
Format: MixedMaterials Bog
KOHA link:https://koha.lib.tpu.ru/cgi-bin/koha/opac-detail.pl?biblionumber=372455

MARC

LEADER 00000nam0a2200000 4500
001 372455
005 20231102012458.0
035 |a (RuTPU)RU\TPU\retro\29878 
035 |a RU\TPU\book\230490 
090 |a 372455 
100 |a 20221215d1978 m y0rusy50 ca 
101 0 |a rus 
102 |a RU 
105 |a a j 001zy 
200 0 |a Программированное обучение по автоматическому управлению электроприводами  |e учебное пособие  |f А. К. Мартыничев  |g Чувашский государственный университет 
210 |a Чебоксары  |c [Б. и.]  |d 1978 
215 |a 74 с.  |c ил. 
320 |a Библиогр.: с. 71 
606 1 |a Электроприводы  |x Автоматическое управление  |2 stltpush  |3 (RuTPU)RU\TPU\subj\20692  |9 45778 
610 1 |a типовые узлы 
610 1 |a электрические схемы 
610 1 |a схемы управления 
610 1 |a дискретные схемы 
675 |a 62-83-52(075.8)  |v 3 
700 1 |a Мартыничев  |b А. К.  |g Альберт Константинович 
712 0 2 |a Чувашский государственный университет  |c (Чебоксары)  |2 stltpush  |3 (RuTPU)RU\TPU\col\299  |9 23331 
801 1 |a RU  |b 63413507  |c 20120306 
801 2 |a RU  |b 63413507  |c 20230221  |g RCR 
942 |c BK